LEADER 01081nam0 22002771i 450 001 SUN0055225 005 20110913105331.780 010 $a88-7999-850-1 100 $a20061106d2006 |0itac50 ba 101 $aita 102 $aIT 105 $a|||| ||||| 200 1 $aInfrastrutture aeroportuali$fAndrea Tocchetti 210 $aRoma$cAracne$d2006 215 $a799 p.$cill.$d24 cm$e1 CD-ROM. 410 1$1001SUN0064492$12001 $aA08$v39$1210 $aRoma$cAracne. 620 $dRoma$3SUNL000360 700 1$aTocchetti$b, Andrea$3SUNV043759$02007 712 $aAracne$3SUNV001104$4650 801 $aIT$bSOL$c20181109$gRICA 856 4 $uhttp://www.aracneeditrice.it/pdf/850.pdf$zIndice, prefazione, capitolo I 912 $aSUN0055225 950 $aUFFICIO DI BIBLIOTECA DEI DIPARTIMENTI DI INGEGNERIA$d05 CONS G III 610 $e05 4465 995 $aUFFICIO DI BIBLIOTECA DEI DIPARTIMENTI DI INGEGNERIA$bIT-CE0100$h4465$kCONS G III 610$oc$qa 996 $aInfrastrutture aeroportuali$9104994 997 $aUNICAMPANIA LEADER 01932oam 2200469M 450 001 9910716179303321 005 20200213070907.3 035 $a(CKB)5470000002518319 035 $a(OCoLC)1065597824 035 $a(OCoLC)995470000002518319 035 $a(EXLCZ)995470000002518319 100 $a20071213d1926 ua 0 101 0 $aeng 135 $aurcn||||||||| 181 $ctxt$2rdacontent 182 $cc$2rdamedia 183 $acr$2rdacarrier 200 10$aTo make Chief of Finance of the Army a member of Board of Commissioners of United States Soldiers' Home. April 27, 1926. -- Committed to the Committee of the Whole House on the State of the Union and ordered to be printed 210 1$a[Washington, D.C.] :$c[U.S. Government Printing Office],$d1926. 215 $a1 online resource (2 pages) 225 1 $aHouse report / 69th Congress, 1st session. House ;$vno. 1020 225 1 $a[United States congressional serial set] ;$v[serial no. 8533] 300 $aBatch processed record: Metadata reviewed, not verified. Some fields updated by batch processes. 300 $aFDLP item number not assigned. 606 $aBoards of directors 606 $aLegislative amendments 606 $aCivil service 606 $aSelection and appointment 608 $aLegislative materials.$2lcgft 615 0$aBoards of directors. 615 0$aLegislative amendments. 615 0$aCivil service. 615 0$aSelection and appointment. 701 $aHill$b John Philip$f1879-1941$pRepublican (MD)$0812547 801 0$bWYU 801 1$bWYU 801 2$bOCLCO 801 2$bOCLCQ 906 $aBOOK 912 $a9910716179303321 996 $aTo make Chief of Finance of the Army a member of Board of Commissioners of United States Soldiers' Home. April 27, 1926. -- Committed to the Committee of the Whole House on the State of the Union and ordered to be printed$93541417 997 $aUNINA